[Event "Reykjavik op"]
[Site "Reykjavik"]
[Date "2017.04.23"]
[Round "6"]
[White "Kakulidis, Ellen"]
[Black "Eminov, Sinan"]
[Result "1-0"]
[WhiteElo "1892"]
[BlackElo "1537"]
[PlyCount "57"]
[EventDate "2017.04.19"]
[EventType "swiss"]
[EventRounds "10"]
[EventCountry "ISL"]
[SourceTitle "CBM 178 Extra"]
[Source "ChessBase"]
[SourceDate "2017.06.22"]
[SourceVersion "1"]
[SourceVersionDate "2017.06.22"]
[SourceQuality "1"]

1. d4 Nf6 2. g3 d5 3. Nf3 e6 4. Bg2 Bd6 5. 0-0 Nbd7 6. c4 c6 7. Qc2 b6 8. Nbd2 0-0 9. e4 dxe4 10. Nxe4 Nxe4 11. Qxe4 Bb7 12. Qc2 Qc7 13. Ng5 Nf6 14. c5 bxc5 15. dxc5 Be7 16. Re1 h6 17. Bf4 Qc8 18. Ne4 Nxe4 19. Bxe4 Rd8 20. Rad1 Ba6 21. Rxd8+ Bxd8 22. Bd6 Qb7 23. Rd1 Bf6 24. b4 Rc8 25. Qb3 Qb5 26. a4 Qc4 27. Qb1 Bc3 28. Bh7+ Kh8 29. Bd3 1-0